01376cam a22003135a 4500001001000000003000400010005001700014008004100031020003000072020002700102040004700129082002100176100003900197245010800236250003100344260005200375300004300427500004800470500002600518504004100544651001000585653003400595650006600629700003700695942000800732999001700740952014500757952016000902016628973OSt20161120105325.0140130t2015 paua frbf 001 0 eng d a9781451193770 (paperback) a1451193777 (paperback) aStDuBDSbengcStDuBDSdUkOxUdUkdEG-ScBUE04a616.075222bFIS1 aFischbach, Frances Talaska.93895412aA manual of laboratory and diagnostic tests /cFrances Talaska Fischbach, Marshall Barnett Dunning III. a9th ed., International ed. aPhiladelphia :bWolters Kluwer Health,cc.2015. axiii, 1261 p. :bill. (col.) ;c23 cm. aPublication date from bookseller's website. aIndex : p. 1215-1261. aIncludes bibliographical references. 2BUEsh bPPhrmcJune2015cFebruary2016 0912837aDiagnosis, LaboratoryvHandbooks, manuals, etc.2BUEsh1 aDunning, Marshall Barnett,cIII, 2ddc c20067d20039 00102ddc40708ScientificaMAINbMAINc1STd2015-06-29ePurchaseg380.00h1090l0o616.075 FISp000039225r2025-07-15 00:00:00v475.00yBB 00102ddc40708AcademicaMAINbMAINc1STd2016-02-22ePurchaseg390.00h4862l2m152o616.075 FISp000031646r2025-07-15 00:00:00s2020-03-04v487.50yBB